|
|
|
|
| LEADER |
04259nam a2200925 i 4500 |
| 001 |
nkc20213348891 |
| 003 |
CZ PrNK |
| 005 |
20221005065351.0 |
| 007 |
ta |
| 008 |
210827s2021 xr abcee 000 0 cze |
| 015 |
|
|
|a cnb003348891
|
| 020 |
|
|
|a 978-80-7675-021-0
|q (vázáno)
|
| 035 |
|
|
|a (OCoLC)1296108159
|
| 040 |
|
|
|a BOA001
|b cze
|e rda
|
| 043 |
|
|
|a e-xr---
|b e-xr-cc
|b e-xr-st
|2 czenas
|
| 072 |
|
7 |
|a 908(437)
|x Vlastivěda Česka a Slovenska
|2 Konspekt
|9 8
|
| 080 |
|
|
|a 551.435.8
|2 MRF
|
| 080 |
|
|
|a 502.211
|2 MRF
|
| 080 |
|
|
|a 55
|2 MRF
|
| 080 |
|
|
|a 502.2
|2 MRF
|
| 080 |
|
|
|a 908(437.312)
|2 MRF
|
| 080 |
|
|
|a (234.58)
|2 MRF
|
| 080 |
|
|
|a (437.31-191.2)
|2 MRF
|
| 080 |
|
|
|a (437.312)
|2 MRF
|
| 080 |
|
|
|a (048.8:082)
|2 MRF
|
| 100 |
1 |
|
|a Žák, Karel,
|d 1957-
|7 xx0008646
|4 aut
|4 pht
|
| 245 |
1 |
0 |
|a Srdce Českého krasu :
|b obec Srbsko a krajina v jejím okolí /
|c Karel Žák, Václav Cílek, Martin Majer, Jaroslav Bastl, Vladimír Bláha, Petr Budil, Stanislav Čermák, Milan Dušek, Miloš Garkisch, Michal Hejna, Petr Heřman, Ivan Horáček, Lucie Juřičková, Pavel Moravec, Štěpánka Podroužková, Jan Pohunek, Milan Řezáč, Karel Sklenář, Daniel Stolz, David Svoboda, Pavel Špryňar, Jaroslav Veselý, Jan Wagner
|
| 246 |
3 |
|
|a Obec Srbsko a krajina v jejím okolí
|
| 250 |
|
|
|a První vydání
|
| 264 |
|
1 |
|a Praha :
|b Dokořán,
|c 2021
|
| 300 |
|
|
|a 299 stran :
|b ilustrace (převážně barevné), mapy, portréty, plány, faksimile, erby ;
|c 31 cm
|
| 336 |
|
|
|a text
|b txt
|2 rdacontent
|
| 336 |
|
|
|a statický obraz
|b sti
|2 rdacontent
|
| 337 |
|
|
|a bez média
|b n
|2 rdamedia
|
| 338 |
|
|
|a svazek
|b nc
|2 rdacarrier
|
| 504 |
|
|
|a Obsahuje bibliografii
|
| 650 |
0 |
7 |
|a krasové oblasti
|7 ph121934
|z Česko
|2 czenas
|
| 650 |
0 |
7 |
|a živá příroda
|7 ph128047
|z Česko
|2 czenas
|
| 650 |
0 |
9 |
|a karst regions
|z Czechia
|2 eczenas
|
| 650 |
0 |
9 |
|a living nature
|z Czechia
|2 eczenas
|
| 651 |
|
7 |
|a Srbsko (Beroun, Česko : oblast)
|7 ge689521
|2 czenas
|
| 651 |
|
7 |
|a Český kras (Česko)
|7 ge128623
|2 czenas
|
| 651 |
|
7 |
|a Srbsko (Beroun, Česko : oblast)
|7 ge689521
|x geologické poměry
|2 czenas
|
| 651 |
|
7 |
|a Srbsko (Beroun, Česko : oblast)
|7 ge689521
|x přírodní poměry
|2 czenas
|
| 651 |
|
7 |
|a Srbsko (Beroun, Česko : oblast)
|7 ge689521
|x vlastivěda
|2 czenas
|
| 651 |
|
9 |
|a Srbsko Region (Beroun, Czechia)
|x local history and geography
|2 eczenas
|
| 651 |
|
9 |
|a Srbsko Region (Beroun, Czechia)
|2 eczenas
|
| 651 |
|
9 |
|a Bohemian Karst (Czechia)
|2 eczenas
|
| 651 |
|
9 |
|a Srbsko Region (Beroun, Czechia)
|x geological conditions
|2 eczenas
|
| 651 |
|
9 |
|a Srbsko Region (Beroun, Czechia)
|x natural conditions
|2 eczenas
|
| 655 |
|
7 |
|a kolektivní monografie
|7 fd501537
|2 czenas
|
| 655 |
|
9 |
|a collective monographs
|2 eczenas
|
| 700 |
1 |
|
|a Cílek, Václav,
|d 1955-
|7 jo20000080776
|4 aut
|
| 700 |
1 |
|
|a Majer, Martin,
|d 1973-
|7 xx0088234
|4 aut
|4 pht
|
| 700 |
1 |
|
|a Bastl, Jaroslav
|4 aut
|
| 700 |
1 |
|
|a Bláha, Vladimír,
|d 1977-
|7 ola2013782383
|4 aut
|
| 700 |
1 |
|
|a Budil, Petr,
|d 1969-
|7 jn20001103156
|4 aut
|4 pht
|
| 700 |
1 |
|
|a Čermák, Stanislav
|4 aut
|
| 700 |
1 |
|
|a Dušek, Milan
|4 aut
|
| 700 |
1 |
|
|a Garkisch, Miloš,
|d 1947-
|7 xx0000255
|4 aut
|
| 700 |
1 |
|
|a Hejna, Michal,
|d 1978-
|7 hka2013798896
|4 aut
|
| 700 |
1 |
|
|a Heřman, Petr
|4 aut
|
| 700 |
1 |
|
|a Horáček, Ivan,
|d 1952-
|7 jk01042018
|4 aut
|4 pht
|
| 700 |
1 |
|
|a Juřičková, Lucie,
|d 1967-
|7 jcu2010587314
|4 aut
|4 pht
|
| 700 |
1 |
|
|a Moravec, Pavel
|7 xx0016396
|4 aut
|4 pht
|
| 700 |
1 |
|
|a Podroužková, Štěpánka
|7 pna20201081380
|4 aut
|
| 700 |
1 |
|
|a Pohunek, Jan,
|d 1981-
|7 pag2008446275
|4 aut
|4 pht
|
| 700 |
1 |
|
|a Řezáč, Milan,
|d 1978-
|7 xx0094030
|4 aut
|
| 700 |
1 |
|
|a Sklenář, Karel,
|d 1938-
|7 jk01111527
|4 aut
|
| 700 |
1 |
|
|a Stolz, Daniel,
|d 1974-
|7 xx0045404
|4 aut
|
| 700 |
1 |
|
|a Svoboda, David,
|d 1978 říjen 29.-
|7 jo20191054629
|4 aut
|4 pht
|
| 700 |
1 |
|
|a Špryňar, Pavel,
|d 1973-
|7 xx0035559
|4 aut
|4 pht
|
| 700 |
1 |
|
|a Veselý, Jaroslav
|4 aut
|
| 700 |
1 |
|
|a Wagner, Jan,
|d 1978-
|7 jo2016904652
|4 aut
|
| 910 |
2 |
|
|a BOA001
|b 4-1475.015
|
| 990 |
|
|
|a BK
|
| 995 |
|
|
|a 01
|
| 991 |
|
|
|b 202110
|c NOV
|
| 996 |
6 |
|
|b 2610881098
|c 4-1475.015
|l MZK
|r Sklad / do 1 hodiny
|n 2
|p p.v.
|w 001865031
|u 000010
|a 1
|e BOA001
|j MZK50
|s P
|
| 996 |
7 |
|
|b 2610916408
|c 4-1475.015
|l Vol.výběr
|r VV 1p
|n 0
|p kup
|h 913(437) ŽÁK
|w 001865031
|u 000020
|a 0
|e BOA001
|j MZK50
|s A
|